Evénements du 1er juillet - Statistiques

Statistiques générales
  • Ce quiz a été pris 34 fois
  • Le résultat moyen est 9 sur 15
Statistiques - réponses
Hint Réponse % Correct
Hugues Capet est élu roi des Francs 987
95%
Début de la bataille de la Somme 1916
91%
1ère édition du Tour de France 1903
73%
Indépendance du Burundi et du Rwanda 1962
73%
Naissance de Claude Berri 1934
68%
Dissolution du pacte de Varsovie 1991
68%
Entrée en vigueur en Suisse du Mariage pour tous 2022
64%
Fondation du P.C. Chinois 1921
59%
Mariage d'Albert II de Monaco et Charlène Wittstock 2011
59%
Début de la bataille de Gettysburg 1863
50%
Rétablissement des relations entre Cuba et les Etats-Unis 2015
50%
Création du dominion du Canada 1867
36%
Création de la Cour Pénale internationale 2002
36%
Incendie de l'ambassade d'Autriche à Paris 1810
32%
Entrée en vigueur du S.O.S. 1908
18%
Aucun quiz correspondant
Distribution des résultats
% des personnes avec chaque résultat
Percentile par nombre de réponses
Votre historique - résultats
Vous n’avez pas pris ce quiz